LEADER 01063nam--2200385---450- 001 990001316600203316 005 20050704134247.0 010 $a0-8018-4715-X 035 $a000131660 035 $aUSA01000131660 035 $a(ALEPH)000131660USA01 035 $a000131660 100 $a20031223d1992----km-y0itay0103----ba 101 0 $aeng 102 $aUS 105 $a||||||||001yy 200 1 $aIs literary history possible$fDavid Perkins 210 $aBaltimore [etc.]$cJ. Hopkins$d1992 215 $aX, 192 p.$d22 cm 410 0$12001 454 1$12001 461 1$1001-------$12001 606 0 $aLetteratura$xTeoria 676 $a801 700 1$aPERKINS,$bDavid$0458138 801 0$aIT$bsalbc$gISBD 912 $a990001316600203316 951 $aVIII.3. 521(II i B 1516)$b118498 L.M.$cII i 959 $aBK 969 $aUMA 979 $aSIAV6$b10$c20031223$lUSA01$h1038 979 $aPATRY$b90$c20040406$lUSA01$h1733 979 $aCOPAT5$b90$c20050704$lUSA01$h1342 996 $aIs literary history possible$9926853 997 $aUNISA